000 00526nam a2200181Ia 4500
001 18345
005 20260306171624.0
008 260306s9999||||xx |||||||||||||| ||und||
041 _aESP
082 _a658.4034
_bC12
100 _aCabrera Gil Grados, Ezilda María
_eAUT
245 0 _aModelos de programación lineal, guía para su formulación y solución:
_bguía para su formulación y solución
260 _c2017
300 _a272 páginas :
_c28 cm.
650 _aGEN
654 _aCAN
942 _cLIB
_dJUS
_fJUS
_2ddc
_n
999 _c18345
_d18345